000 00785nam a2200229 a 4500
001 2085575
008 150327s1995 ||||||||||||||||| || u
010 _a95000629
020 _a0821333682
050 _aIBRD(06)CS/1995/3
110 _aWorld Bank
245 1 0 _aUnderstanding poverty in Poland.
260 _aWashington, D.C.
_bWorld Bank
_c1995
300 _axxx, 201 p. : ill.
490 _aWorld Bank Country Study
500 _aIncludes bibliographicalreferences.
650 _aPOOR--SERVICES FOR--POLAND
650 _aPOLAND--ECONOMIC CONDITIONS--1981-
650 _aUNEMPLOYMENT--POLAND
650 _aPOVERTY--POLAND
995 _FCBU-MAIN LIBRARY (Kitwe)
_M1
_UAVAILABLE
_WMar 27, 2015
_ZInternational Publications
999 _c60723
_d60723